Outsourcing ERP pre malé a stredné podniky

Spracovanie rastúceho množstva údajov a informácií. Potreba podnikateľského informačného systému Enterprise resource planning (ERP). Outsourcing ERP ako riešenie pre malé a stredné podniky (MSP). Účel používania štandardného ERP v podmienkach MSP. Využitie pridaných služieb poskytovateľa outsourcing...

Descrizione completa

Salvato in:
Dettagli Bibliografici
Autore principale: Hudec, Ján
Natura: Capitolo di libro
Lingua:slovacco
Soggetti:
Tags: Aggiungi Tag
Nessun Tag, puoi essere il primo ad aggiungerne!!

MARC

LEADER 00000naa$a2200000$$$4500
001 0059820
005 20230929122140.1
041 0 |a slo 
044 |a SK 
245 1 0 |a Outsourcing ERP pre malé a stredné podniky  |c Ján Hudec 
520 |a Spracovanie rastúceho množstva údajov a informácií. Potreba podnikateľského informačného systému Enterprise resource planning (ERP). Outsourcing ERP ako riešenie pre malé a stredné podniky (MSP). Účel používania štandardného ERP v podmienkach MSP. Využitie pridaných služieb poskytovateľa outsourcingu. Územná nezávislosť. Riadenie prevádzky, ekonomiky, podnikových zdrojov a obchodu. 
610 2 0 |a riadenie 
610 2 0 |a outsourcing 
610 2 0 |a informácie 
610 2 0 |a podnik malý 
610 2 0 |a efektívnosť 
100 1 |a Hudec, Ján